000 00815nam a2200253Ia 4500
003 OSt
005 20220925181456.0
006 a|||||r|||| 00| 0
007 ta
008 220923b |||||||| |||| 00| 0 eng d
020 _a9781858986739
_c7507.1999999999998
037 _b82, 21/03/2011, Better Book Service
_cGeneral Book
040 _aRTL
_cRTL
_beng
041 _2eng
_aeng
082 _aX7, Q0
100 _aFORTE Francesco
_9253925
245 0 _aPrinciples of public economics
_b A public choice approach
260 _aCheltenham
_bEdward Elgar
_c2010
300 _aix, 498p
_ccm.
500 _aBibliography: P 408-67; Appendix: P 395-407
650 _aEconomics
942 _hX7, Q0
_cGB
_2CC
999 _c499402
_d499402